000 00540nam a2200205Ia 4500
005 20250508164354.0
008 008 250505s9999 xx 000 0 hin d
020 _a81-8143-639-3
037 _aTextual
040 _aFEDL
_beng
_cFEDL
041 _ahin
_2eng
084 _a891.43, MIS
_qFEDL
100 _aMishra Vidyanivas
245 0 _aSahitya ke sarokar
260 _aNew Delhi, India
_bVani Prakashan
_c2007
300 _a184p
365 _aINR
_b250
942 _cTEXL
_h891.43, MIS
999 _c1388811
_d1388811